Normal view MARC view
  • Christos H. Papadimitriou and Kenneth Steiglitz

Entry Personal Name

Number of records used in: 1

001 - CONTROL NUMBER

  • control field: 9021

003 - CONTROL NUMBER IDENTIFIER

  • control field: JRU

005 - DATE AND TIME OF LATEST TRANSACTION

  • control field: 20260429160623.0

008 - FIXED-LENGTH DATA ELEMENTS

  • fixed length control field: 260429|| aca||aabn | a|a d

040 ## - CATALOGING SOURCE

  • Original cataloging agency: JRU
  • Transcribing agency: JRU

100 ## - HEADING--PERSONAL NAME

  • Personal name: Christos H. Papadimitriou and Kenneth Steiglitz

670 ## - SOURCE DATA FOUND

  • Source citation: Work cat.: (JRU)1251: Christos H. Papadimitriou and Kenneth Steiglitz, Combinatorial Optimization: Algorithms and Complexity, 2003